Catálogo

Vista normal Vista MARC

Entrada Personal Name

Número de registros utilizados en: 1

001 - CONTROL NUMBER

  • control field: 17061

003 - CONTROL NUMBER IDENTIFIER

  • control field: DLC

005 - DATE AND TIME OF LATEST TRANSACTION

  • control field: 20250513094257.0

008 - FIXED-LENGTH DATA ELEMENTS

  • fixed length control field: 870721n| azannaabn |a aaa c

010 ## - LIBRARY OF CONGRESS CONTROL NUMBER

  • LC control number: n 87897932

035 ## - SYSTEM CONTROL NUMBER

  • System control number: (OCoLC)oca01900577

035 ## - SYSTEM CONTROL NUMBER

  • System control number: (Uk)002059555

040 ## - CATALOGING SOURCE

  • Original cataloging agency: NjP
  • Language of cataloging: spa
  • Description conventions: rda
  • Transcribing agency: Mx-PuUPA
  • Modifying agency: DLC
  • Modifying agency: OCoLC
  • Modifying agency: Uk
  • Modifying agency: DLC
  • Modifying agency: Mx-PuUPA

046 ## - SPECIAL CODED DATES

  • Birth date: 1948

053 #0 - LC CLASSIFICATION NUMBER

  • Classification number element--single number or beginning number of span: PQ7798.22.O545

100 1# - HEADING--PERSONAL NAME

  • Personal name: López, Fernando,
  • Fuller form of name: (Fernando Eudoro)
  • Dates associated with a name: 1948-

374 ## - OCCUPATION

  • Occupation: Autor

375 ## - GENDER

  • Gender: hombre

377 ## - ASSOCIATED LANGUAGE

  • Language code: spa

400 1# - SEE FROM TRACING--PERSONAL NAME

  • Personal name: López, Fernando,
  • Dates associated with a name: 1948-

670 ## - SOURCE DATA FOUND

  • Source citation: His Arde aún sobre los años, c1986:
  • Information found: t.p. (Fernando López) cover p. 4 (has written 2 prize-winning novels) MLC hdg. (López, Fernando (Fernando Eudoro))

670 ## - SOURCE DATA FOUND

  • Source citation: La sombra del agua, c2004:
  • Information found: t.p.(Fernando López) front cover flap (born 1948)

670 ## - SOURCE DATA FOUND

  • Source citation: LC database, viewed Oct. 19, 2015
  • Information found: (hdgs: López, Fernando (Fernando Eudoro); López, Fernando, 1948-)

670 ## - SOURCE DATA FOUND

  • Source citation: Lugones entre coles y lechugas, [2014]:
  • Information found: title page (Fernando López) front cover flap (born in San Francisco, Córdoba province, Argentina)